Living on Nothing Atoll / (Record no. 2939)
[ view plain ]
| 000 -LEADER | |
|---|---|
| fixed length control field | 01371cam a2200337 a 4500 |
| 001 - CONTROL NUMBER | |
| control field | 3102867 |
| 003 - CONTROL NUMBER IDENTIFIER | |
| control field | GBCCL |
| 005 - DATE AND TIME OF LATEST TRANSACTION | |
| control field | 20241126110443.0 |
| 008 - FIXED-LENGTH DATA ELEMENTS--GENERAL INFORMATION | |
| fixed length control field | 990212s1999 mou c 000 1 eng |
| 010 ## - | |
| -- | 99021167 |
| 020 ## - INTERNATIONAL STANDARD BOOK NUMBER | |
| International Standard Book Number | 0570054834 |
| 040 ## - CATALOGING SOURCE | |
| Original cataloging agency | DLC |
| Transcribing agency | DLC |
| Modifying agency | DLC |
| 042 ## - | |
| -- | lcac |
| 050 00 - | |
| -- | PZ7.K2985 |
| -- | Li 1999 |
| 082 00 - DEWEY DECIMAL CLASSIFICATION NUMBER | |
| Classification number | 813.54 |
| Edition information | 21 |
| Item number | KEL |
| 100 1# - MAIN ENTRY--PERSONAL NAME | |
| Personal name | Kelly, Theresa, |
| Dates associated with a name | 1952- |
| 9 (RLIN) | 5838 |
| 245 10 - TITLE STATEMENT | |
| Title | Living on Nothing Atoll / |
| Statement of responsibility, etc. | Theresa Kelly. |
| 260 ## - PUBLICATION, DISTRIBUTION, ETC. | |
| Place of publication, distribution, etc. | St. Louis, Mo. : |
| Name of publisher, distributor, etc. | Concordia Pub. House, |
| Date of publication, distribution, etc. | c1999. |
| 300 ## - PHYSICAL DESCRIPTION | |
| Extent | 256 p. ; |
| Dimensions | 18 cm. |
| 490 1# - SERIES STATEMENT | |
| Series statement | Aloha Cove ; |
| Volume/sequential designation | 1 |
| 520 ## - SUMMARY, ETC. | |
| Summary, etc. | Cass Devane's life is turned upside down when her mother remarries and they go to live with her new stepfather and stepsister on Kwajalein, one of the Marshall Islands in the Pacific Ocean. |
| 650 #1 - SUBJECT ADDED ENTRY--TOPICAL TERM | |
| Topical term or geographic name entry element | Stepfamilies |
| Form subdivision | Fiction. |
| 9 (RLIN) | 5839 |
| 650 #1 - SUBJECT ADDED ENTRY--TOPICAL TERM | |
| Topical term or geographic name entry element | Remarriage |
| Form subdivision | Fiction. |
| 9 (RLIN) | 6136 |
| 650 #1 - SUBJECT ADDED ENTRY--TOPICAL TERM | |
| Topical term or geographic name entry element | Islands |
| Form subdivision | Fiction. |
| 9 (RLIN) | 6137 |
| 650 #1 - SUBJECT ADDED ENTRY--TOPICAL TERM | |
| Topical term or geographic name entry element | Christian life |
| Form subdivision | Fiction. |
| 9 (RLIN) | 533 |
| 651 #1 - SUBJECT ADDED ENTRY--GEOGRAPHIC NAME | |
| Geographic name | Kwajalein Island (Marshall Islands) |
| Form subdivision | Fiction. |
| 9 (RLIN) | 5841 |
| 800 1# - | |
| -- | Kelly, Theresa, |
| -- | 1952- |
| -- | Aloha Cove ; |
| -- | 1. |
| -- | 5842 |
| 906 ## - LOCAL DATA ELEMENT F, LDF (RLIN) | |
| a | 7 |
| b | cbc |
| c | orignew |
| d | 1 |
| e | ocip |
| f | 19 |
| g | y-gencatlg |
| 942 ## - ADDED ENTRY ELEMENTS (KOHA) | |
| Source of classification or shelving scheme | Dewey Decimal Classification |
| Koha item type | Books |
| Koha issues (borrowed), all copies | 2 |
| Withdrawn status | Lost status | Source of classification or shelving scheme | Damaged status | Not for loan | Home library | Current Library | Shelving location | Date acquired | Total checkouts | Full call number | Barcode | Date last seen | Date last checked out | Copy number | Price effective from | Koha item type |
|---|---|---|---|---|---|---|---|---|---|---|---|---|---|---|---|---|
| Dewey Decimal Classification | GRACE BIBLE COLLEGE | GRACE BIBLE COLLEGE | General Studies | 2017-10-10 | 2 | 813.54 KEL | 010035 | 2025-05-01 | 2022-01-24 | c.1 | 2017-10-10 | Books |